Canadian Prime Ministers' First Names - Statistics

General Stats
  • This quiz has been taken 29 times
  • The average score is 17 of 22
Answer Stats
Surname Given Name % Correct
Chrétien Jean
100%
Trudeau Pierre
100%
Laurier Wilfrid
100%
Harper Stephen
96%
Mulroney Brian
92%
Abbott John
88%
Pearson Lester
88%
King Mackenzie
88%
Macdonald John
84%
Campbell Kim
84%
Martin Paul
84%
Diefenbaker John
76%
Clark Joe
72%
Turner John
68%
St Laurent Louis
68%
Mackenzie Alexander
64%
Meighen Arthur
64%
Borden Robert
60%
Tupper Charles
56%
Thompson John
56%
Bowell Mackenzie
44%
Bennett Richard
44%
No matching quizzes found
Score Distribution
Percent of People with Each Score
Percentile by Number Answered
Your Score History
You have not taken this quiz